Normal view
MARC view
- King, Patrick
Entry Personal Name
001 - CONTROL NUMBER
- control field: 97353
003 - CONTROL NUMBER IDENTIFIER
- control field: NUST
005 - DATE AND TIME OF LATEST TRANSACTION
- control field: 20220815195421.0
008 - FIXED-LENGTH DATA ELEMENTS
- fixed length control field: 220815|| aca||aabn | a|a d
040 ## - CATALOGING SOURCE
- Original cataloging agency: NUST
- Transcribing agency: NUST
100 ## - HEADING--PERSONAL NAME
- Personal name: King, Patrick
670 ## - SOURCE DATA FOUND
- Source citation: Work cat.: (NUST): King, Patrick, Think like a psychologist: how to analyze emotions, read body language and behavior, understand motivations, and decipher intentions, 2019
